000 01090cam a22001694a 4500
005 20250605163653.0
008 250528s ||||||||||||||||||||||||d
035 _a23990
040 _aGR-AtMCL
_bgre
_dGR-AtMCL
_eAACR2
245 1 _aSupply Chain and Logistics / Το Περιοδικό για την Εφοδιαστική Αλυσίδα
260 _bParametros Group
_bScl Magazine,
_c2020
300 _a88
520 _aGreek Summer is a State of... Logistics, Τα Συμπεράσματα της Έρευνας O.Mind Creatives-Optilog Advisor Services για το Μέλλον της Χρήσης Εναλλακτικών Καυσίμων στις Οδικές Μεταφορές: Τι Προτείνουν Μεγάλες Αυτοκινητοβιομηχανίες, Δίαυλος 'Ευθυγράμμισης' με τα Νέα Δεδομένα, Το Online Εμπόριο Έσπασε τα Ταμπού και Περνά στη Β' Φάση Ανάπτυξης του, Στα 1st Exhibition Marketing Awards 2020.
942 _cCR
999 _c8894
_d8894